000 00799nam a2200265Ia 4500
003 OSt
005 20220926005417.0
006 a|||||r|||| 00| 0
007 ta
008 220923b |||||||| |||| 00| 0 eng d
020 _a8187358106
037 _cGeneral Book
040 _aRTL
_cRTL
_beng
041 _2eng
_aeng
082 _aY:675.2.P, P2
100 _aPRABHU K Seeta
_9310228
245 0 _aReforming India's social sector
_b Poverty, nutrition, health and gender
260 _a New Delhi
_bSocial Science Press India
_c2002
300 _axvi,316p.
_ccm.
500 _aBibliography chapterwise
650 _aSocial Planning
700 _a SUDARSHAN R
_9310229
942 _hY:675.2.P, P2
_cGB
_2CC
999 _c613730
_d613730